Perspektívy rozšírenia EÚ bakalárska práca

Enregistré dans:
Détails bibliographiques
Auteur principal: Lajčáková, Katarína
Collectivité auteur: Fakulta medzinárodných vzťahov EU. Katedra medzinárodných ekonomických vzťahov a hospodárskej diplomacie
Autres auteurs: Lipková, Beata
Format: Livre
Langue:slovaque
Publié: Bratislava 2011
Tags: Ajouter un tag
Pas de tags, Soyez le premier à ajouter un tag!

MARC

LEADER 00000nbm a2200000 4500
001 0139960
005 20170120131849.8
041 0 |a slo 
044 |a SK 
245 1 0 |a Perspektívy rozšírenia EÚ  |b bakalárska práca  |c Katarína Lajčáková ; školiteľ:Beata Lipková 
264 1 |a Bratislava  |c 2011 
300 |a 45 s. 
100 1 |a Lajčáková, Katarína 
700 1 |a Lipková, Beata 
710 2 |a Fakulta medzinárodných vzťahov EU. Katedra medzinárodných ekonomických vzťahov a hospodárskej diplomacie